The Ultimate Top Gun Quiz - Statistics

General Stats
  • This quiz has been taken 1,620 times
  • The average score is 13 of 39
Answer Stats
Hint Answer % Correct
What year was the movie? 1986
90%
His RIO LTJG Nick "Goose" Bradshaw
87%
Pilot at Top Gun LT Pete "Maverick" Mitchell
87%
Pilot at Top Gun LT Tom "Iceman" Kazansky
84%
Top Gun CO CDR Mike "Viper" Metcalf
55%
Top Gun Civilian Instructor Charlotte "Charlie" Blackwood
55%
What song does Goose play on the piano? Great Balls of Fire
49%
What year was Top Gun established? 1969
45%
His RIO LTJG Ron "Slider" Kerner
45%
What type of plane do the carrier pilots fly? F-14 Tomcat
44%
Lost it, turned in his wings LT Bill "Cougar" Cortell
42%
His RIO LTJG Samuel "Merlin" Wills
42%
Top Gun IP LCDR Rick "Jester" Heatherly
38%
Pilot at Top Gun LT Rick "Hollywood" Neven
38%
Giving him the finger
32%
What type of enemy MiG do the pilots come across? MiG-28
30%
She has a PhD in Astrophysics
29%
His RIO LTJG Leonard "Wolfman" Wolfe
28%
What is the hard deck on the first hop? 10000 feet
26%
Where will Maverick be flying if he screws up "just this much"? Hong Kong
26%
Token Black Guy LTJG Marcus "Sundown" Williams
26%
What is the Admiral's daughter's name? Penny Benjamin
26%
What do you do when an enemy is too close for missles? switch to guns
25%
Goose's Wife Carole Bradshaw
22%
After getting coffee spilled on him twice, what does the air boss want? Some butts
22%
What caused the training crash? Flameout / flat spin
21%
What is he actually drinking? Ice water
21%
Who is the 80s musical legend most featured in the movie? Kenny Loggins
21%
What happened the first time she lost that lovin' feeling? Crashed and burned - it wasn't pretty
19%
Where is the plaque for the alternates? Down in the ladies' room
18%
What 3 things was Maverick doing there with the MiG? Communicating
17%
What does Charlie guess Mavrick is drinking in the airport bar? Hemlock
13%
What is the first line of the movie? Good morning Scott
12%
Keeping up foreign relations
12%
Nickname of Miramar NAS Fightertown USA
10%
CAG on USS Enterprise CDR Tom "Stinger" Jordan
8%
What is the temperature when Viper shows up as an adversary? 110 degrees
7%
What did they see it do that it wasn't supposed to be able to do? 4g negative dive
7%
What soda has a taste that's turning the world upside down? Diet Pepsi
5%
No matching quizzes found
Score Distribution
Percent of People with Each Score
Percentile by Number Answered
Your Score History
You have not taken this quiz